[Event "Wch U20 Blitz"]
[Site "Pula"]
[Date "2023.10.15"]
[Round "10"]
[White "Malfliet, Alexander"]
[Black "Andreev, Konstantin1"]
[Result "0-1"]
[WhiteElo "1755"]
[BlackElo "2284"]
[PlyCount "104"]
[EventDate "2023.10.14"]
[EventType "swiss (blitz)"]
[EventRounds "11"]
[EventCountry "ITA"]
[SourceTitle "Mega2024 Update 01"]
[Source "Chessbase"]
[SourceDate "2023.11.12"]
[SourceVersion "1"]
[SourceVersionDate "2023.11.12"]
[SourceQuality "1"]

1. e4 c5 2. b4 cxb4 3. d4 e6 4. Nf3 d5 5. e5 Nc6 6. a3 Bd7 7. axb4 Bxb4+ 8. c3 Be7 9. Bd3 a6 10. Ba3 b5 11. 0-0 Na5 12. Nbd2 Nc4 13. Nxc4 bxc4 14. Bc2 Bxa3 15. Rxa3 Ne7 16. Qe2 0-0 17. Bxh7+ Kxh7 18. Ng5+ Kh6 19. Qd2 Kg6 20. h4 f6 21. Qc2+ Nf5 22. Nf3 Kf7 23. g4 Ne7 24. exf6 gxf6 25. Qh7+ Ke8 26. Qh5+ Ng6 27. Qxg6+ Ke7 28. Re1 Kd6 29. Rea1 Bb5 30. g5 Rg8 31. Qh6 Qe7 32. Kh1 fxg5 33. Nxg5 Rh8 34. Qg6 Rxh4+ 35. Kg2 Rg4+ 36. Kf1 Qxg5 37. Qf7 Qe7 38. Qf3 Rg7 39. Qf4+ Kc6 40. Rb1 Rf8 41. Qe5 Rgf7 42. Rb2 Rf5 43. Qg3 Qc7 44. Qh4 R8f7 45. Rxb5 axb5 46. Ra6+ Kb7 47. Ra1 Qf4 48. Qxf4 Rxf4 49. Ra2 b4 50. cxb4 Kb6 51. b5 Kxb5 52. Rb2+ Ka4 0-1

[Event "Wch U20 Blitz"]
[Site "Pula"]
[Date "2023.10.15"]
[Round "9"]
[White "May Sanchez, Andres Elias"]
[Black "Malfliet, Alexander"]
[Result "0-1"]
[WhiteElo "2044"]
[BlackElo "1755"]
[PlyCount "38"]
[EventDate "2023.10.14"]
[EventType "swiss (blitz)"]
[EventRounds "11"]
[EventCountry "ITA"]
[SourceTitle "Mega2024 Update 01"]
[Source "Chessbase"]
[SourceDate "2023.11.12"]
[SourceVersion "1"]
[SourceVersionDate "2023.11.12"]
[SourceQuality "1"]

1. e4 c5 2. Nf3 e6 3. d4 cxd4 4. Nxd4 Nf6 5. Nc3 d6 6. g4 h6 7. h4 Nc6 8. Nxc6 bxc6 9. Qf3 d5 10. g5 hxg5 11. hxg5 Rxh1 12. Qxh1 Nxe4 13. Nxe4 dxe4 14. Qxe4 Qd5 15. Bg2 Ba6 16. Qg4 Qe5+ 17. Be3 0-0-0 18. Qa4 Bb5 19. Qxa7 Bb4+ 0-1

[Event "Wch U20 Rapid"]
[Site "Pula"]
[Date "2023.10.12"]
[Round "11"]
[White "Malfliet, Alexander"]
[Black "Sabiu, Sebastiano Augusto"]
[Result "1-0"]
[WhiteElo "1755"]
[BlackElo "1011"]
[PlyCount "21"]
[EventDate "2023.10.10"]
[EventType "swiss (rapid)"]
[EventRounds "11"]
[EventCountry "ITA"]
[SourceTitle "Mega2024 Update 01"]
[Source "Chessbase"]
[SourceDate "2023.11.12"]
[SourceVersion "1"]
[SourceVersionDate "2023.11.12"]
[SourceQuality "1"]

1. e4 e6 2. Nf3 Nc6 3. d4 d5 4. e5 f6 5. Bd3 fxe5 6. Nxe5 Bd7 7. Qh5+ Ke7 8. b3 Nxe5 9. Ba3+ c5 10. Bxc5+ Kf6 11. dxe5# 1-0

[Event "Wch U20 Rapid"]
[Site "Pula"]
[Date "2023.10.11"]
[Round "7"]
[White "Roose, Casimir"]
[Black "Malfliet, Alexander"]
[Result "1/2-1/2"]
[WhiteElo "1776"]
[BlackElo "1755"]
[PlyCount "57"]
[EventDate "2023.10.10"]
[EventType "swiss (rapid)"]
[EventRounds "11"]
[EventCountry "ITA"]
[SourceTitle "Mega2024 Update 01"]
[Source "Chessbase"]
[SourceDate "2023.11.12"]
[SourceVersion "1"]
[SourceVersionDate "2023.11.12"]
[SourceQuality "1"]

1. e4 c5 2. c4 e6 3. Nc3 d6 4. g3 Nf6 5. Bg2 Nc6 6. d3 Be7 7. Nge2 a6 8. 0-0 Bd7 9. b3 Rb8 10. a4 0-0 11. Bb2 Nd4 12. f4 b5 13. axb5 axb5 14. Nxd4 cxd4 15. Nxb5 Bxb5 16. cxb5 e5 17. fxe5 dxe5 18. Ba3 Rxb5 19. Bf3 Nd7 20. Qd2 Rxb3 21. Bxe7 Qxe7 22. Ra7 Qd6 23. Rfa1 Nc5 24. Be2 h6 25. Qc2 Qb6 26. R1a2 Nxe4 27. R7a6 Qb5 28. R6a5 Qb6 29. Ra6 1/2-1/2

[Event "EU-ch Online U18"]
[Site "Tornelo INT"]
[Date "2020.09.18"]
[Round "2"]
[White "Malfliet, Alexander"]
[Black "Murphy, Sean"]
[Result "1-0"]
[WhiteElo "1610"]
[BlackElo "1990"]
[PlyCount "35"]
[EventDate "2020.09.18"]
[EventType "swiss (rapid)"]
[EventRounds "9"]
[EventCountry "ENG"]
[SourceTitle "CBM 198 Extra"]
[Source "ChessBase"]
[SourceDate "2020.11.30"]
[SourceVersion "1"]
[SourceVersionDate "2020.11.30"]
[SourceQuality "1"]

1. e4 c5 2. b4 cxb4 3. d4 d5 4. exd5 Qxd5 5. Bb2 Nc6 6. c4 Qd6 7. d5 Ne5 8. Qd4 Ng6 9. c5 Qf4 10. Bb5+ Bd7 11. Qd3 a6 12. Bxd7+ Kxd7 13. c6+ bxc6 14. dxc6+ Kxc6 15. Nd2 e6 16. Rc1+ Kb6 17. Qd7 Nf6 18. Bd4+ 1-0

[Event "NED-ch U14 op"]
[Site "Borne"]
[Date "2019.08.09"]
[Round "8"]
[White "Goudriaan, Rafael"]
[Black "Malfliet, Alexander"]
[Result "0-1"]
[WhiteElo "1719"]
[BlackElo "1491"]
[PlyCount "72"]
[EventDate "2019.08.05"]
[EventType "swiss"]
[EventRounds "9"]
[EventCountry "NED"]
[SourceTitle "EXT 2020"]
[Source "ChessBase"]
[SourceDate "2019.10.17"]
[SourceVersion "1"]
[SourceVersionDate "2019.10.17"]
[SourceQuality "1"]

1. d4 d5 2. e4 dxe4 3. Nc3 Nf6 4. f3 exf3 5. Qxf3 e6 6. Be3 Nc6 7. 0-0-0 Bb4 8. d5 Ne5 9. Qg3 Bxc3 10. bxc3 Ng6 11. dxe6 Qe7 12. exf7+ Kxf7 13. Bc4+ Be6 14. Bxe6+ Kxe6 15. Ne2 Rhd8 16. Nd4+ Kf7 17. h4 Qa3+ 18. Kb1 Nd5 19. Rhf1+ Kg8 20. Nb5 Qa5 21. Rxd5 Rxd5 22. Nxc7 Rad8 23. Bd4 Rb5+ 24. Ka1 Rh5 25. Ne6 Qa6 26. Re1 Ra5 27. c4 Rd6 28. Qc3 Rxa2+ 29. Kb1 Ra3 30. Qb2 Qa5 31. Re2 Ra6 32. Ng5 Qd8 33. Qxb7 Ra1+ 34. Bxa1 Qd1+ 35. Kb2 Qxa1+ 36. Kb3 Qa3# 0-1

[Event "NED-ch U14 op"]
[Site "Borne"]
[Date "2019.08.07"]
[Round "4"]
[White "Kumar, Prajit Sai"]
[Black "Malfliet, Alexander"]
[Result "1/2-1/2"]
[WhiteElo "1574"]
[BlackElo "1491"]
[PlyCount "41"]
[EventDate "2019.08.05"]
[EventType "swiss"]
[EventRounds "9"]
[EventCountry "NED"]
[SourceTitle "EXT 2020"]
[Source "ChessBase"]
[SourceDate "2019.10.17"]
[SourceVersion "1"]
[SourceVersionDate "2019.10.17"]
[SourceQuality "1"]

1. d4 d5 2. c4 e6 3. cxd5 exd5 4. Nf3 Nf6 5. Nc3 c6 6. e3 Bf5 7. Bd3 Bg6 8. Qc2 Bd6 9. Bd2 0-0 10. 0-0 Qc7 11. Rac1 Nbd7 12. Bxg6 hxg6 13. Nb5 Qb8 14. Nxd6 Qxd6 15. a3 a5 16. Bc3 Ne4 17. Nd2 Nxd2 18. Qxd2 Qc7 19. f3 Nf6 20. Rfe1 Rfe8 21. Qd3 1/2-1/2